书目信息 |
| 题名: |
打遍天下
|
|
| 作者: | 孟宪德 编著 | |
| 分册: | ||
| 出版信息: | 北京 现代出版社 2015 |
|
| 页数: | 118页 | |
| 开本: | 30cm | |
| 丛书名: | ||
| 单 册: | ||
| 中图分类: | J625.96 | |
| 科图分类: | ||
| 主题词: | 爵士鼓--jue shi gu--奏法 | |
| 电子资源: | ||
| ISBN: | 978-7-5143-3724-2 | |
| 000 | 00838nam0 22002411 450 | |
| 001 | 0120082225 | |
| 005 | 20170320082225.0 | |
| 010 | @a978-7-5143-3724-2@dCNY25.00 | |
| 100 | @a20151117d2015 em y0chiy50 ea | |
| 101 | 0 | @achi |
| 102 | @aCN@b110000 | |
| 105 | @aag z 000yy | |
| 106 | @ar | |
| 200 | 1 | @a打遍天下@9da bian tian xia@e架子鼓自学百日通@f孟宪德编著 |
| 210 | @a北京@c现代出版社@d2015 | |
| 215 | @a118页@c图@d30cm | |
| 330 | @a本书分基础入门、中级提高、实战应用三个阶段,主要内容包括:架子鼓的基本知识及手脚训练、手脚组合练习及基本功综合练习、学习简单实用的节奏型组合等。 | |
| 517 | 1 | @a架子鼓自学百日通@9jia zi gu zi xue bai ri tong |
| 606 | 0 | @a爵士鼓@9jue shi gu@x奏法 |
| 690 | @aJ625.96@v5 | |
| 701 | 0 | @a孟宪德@9meng xian de@c(音乐)@4编著 |
| 801 | 0 | @aCN@bTANGWEI@c20170308 |
| 905 | @b0957177-9@dJ625.96@e286@f3 | |
| 打遍天下:架子鼓自学百日通/孟宪德编著.-北京:现代出版社,2015 |
| 118页:图;30cm |
| ISBN 978-7-5143-3724-2:CNY25.00 |
| 本书分基础入门、中级提高、实战应用三个阶段,主要内容包括:架子鼓的基本知识及手脚训练、手脚组合练习及基本功综合练习、学习简单实用的节奏型组合等。 |
| ● |
| 相关链接 |
|
|
|
|
正题名:打遍天下
索取号:J625.96/286
 
预约/预借
| 序号 | 登录号 | 条形码 | 馆藏地/架位号 | 状态 | 备注 |
| 1 | 0957177 | 209571774 | 第一样本阅览室/ [索取号:J625.96/286] | 在馆 | |
| 2 | 0957178 | 209571783 | 第一借阅区/ [索取号:J625.96/286] | 在馆 | |
| 3 | 0957179 | 209571792 | 第一借阅区/ [索取号:J625.96/286] | 在馆 |